Sports Quiz

Random Sports or NBA Quiz

NBA - 50 Point Games (2010s) Quiz Stats

 Plays Quiz not verified by Sporcle

Challenge
Share
Tweet
Embed
Score 0/48 Timer 10:00
1 Play Today
Date Player % Correct
02-03-11LeBron James
98.6%
02-19-12Kevin Durant
98.6%
02-27-13Stephen Curry
98.6%
01-18-13Kevin Durant
98.6%
01-17-14Kevin Durant
98.6%
03-03-14LeBron James
98.6%
03-21-14Kevin Durant
98.6%
02-04-15Stephen Curry
98.6%
10-31-15Stephen Curry
98.6%
02-03-16Stephen Curry
98.6%
02-25-16Stephen Curry
98.6%
04-12-15Russell Westbrook
98.3%
02-19-16Damian Lillard
98.3%
03-04-16Damian Lillard
98.3%
10-28-16Russell Westbrook
98.3%
03-07-17Russell Westbrook
98.3%
03-29-17Russell Westbrook
98.3%
04-08-17Damian Lillard
98.3%
04-09-17Russell Westbrook
98.3%
03-19-15James Harden
97.7%
04-01-15James Harden
97.7%
11-27-15James Harden
97.7%
12-31-16James Harden
97.7%
01-27-17James Harden
97.7%
Date Player % Correct
01-23-15Klay Thompson
97.4%
12-05-16Klay Thompson
97.4%
02-07-11Carmelo Anthony
96.8%
04-02-13Carmelo Anthony
96.8%
01-24-14Carmelo Anthony
96.8%
01-28-15Kyrie Irving
96.8%
03-12-15Kyrie Irving
96.8%
12-06-16John Wall
96.8%
02-21-16Anthony Davis
96.5%
10-26-16Anthony Davis
96.5%
01-25-16DeMarcus Cousins
96%
12-20-16DeMarcus Cousins
96%
04-13-16Kobe Bryant
95.4%
12-30-16Isaiah Thomas
95.1%
01-14-16Jimmy Butler
94.8%
01-18-16Kemba Walker
94.8%
01-02-17Jimmy Butler
94.8%
03-24-17Devin Booker
94.8%
03-23-12Kevin Love
89%
01-13-15Mo Williams
74.9%
03-04-12Deron Williams
74.6%
01-24-14Terrence Ross
55%
04-11-14Corey Brewer
41.8%
01-30-10Andre Miller
21%

You're not logged in!

Compare scores with friends on all Sporcle quizzes.
OR
Log In

You Might Also Like...

Show Comments

Extras

Created Apr 10, 2017ReportNominate
Tags:NBA Quiz, 50 Point, NBA Player

Top Quizzes Today


Score Distribution

Your Account Isn't Verified!

In order to create a playlist on Sporcle, you need to verify the email address you used during registration. Go to your Sporcle Settings to finish the process.

Report this User

Report this user for behavior that violates our Community Guidelines.

Details: